<?xml version="1.0" encoding="UTF-8"?>
<record
    xmlns:xsi="http://www.w3.org/2001/XMLSchema-instance"
    xsi:schemaLocation="http://www.loc.gov/MARC21/slim http://www.loc.gov/standards/marcxml/schema/MARC21slim.xsd"
    xmlns="http://www.loc.gov/MARC21/slim">

  <leader>00821na  a2200265   4500</leader>
  <datafield tag="952" ind1=" " ind2=" ">
    <subfield code="a">0001</subfield>
    <subfield code="b">0001</subfield>
    <subfield code="d">2016-09-27</subfield>
    <subfield code="e">2</subfield>
    <subfield code="l">0</subfield>
    <subfield code="o">CHP 303.6 G95s 1977</subfield>
    <subfield code="p">004597</subfield>
    <subfield code="r">2016-09-27 00:00:00</subfield>
    <subfield code="w">2016-09-27</subfield>
    <subfield code="y">BKS</subfield>
  </datafield>
  <datafield tag="999" ind1=" " ind2=" ">
    <subfield code="c">7937</subfield>
    <subfield code="d">7937</subfield>
  </datafield>
  <controlfield tag="001">15944</controlfield>
  <controlfield tag="003">MIRAKIL</controlfield>
  <controlfield tag="005">20190904111056.0</controlfield>
  <controlfield tag="008">161108b        tu            000 0      </controlfield>
  <datafield tag="035" ind1=" " ind2=" ">
    <subfield code="a">15944</subfield>
  </datafield>
  <datafield tag="040" ind1=" " ind2=" ">
    <subfield code="a">Milas</subfield>
    <subfield code="b">tur</subfield>
    <subfield code="c">TR-AnCHP</subfield>
  </datafield>
  <datafield tag="082" ind1=" " ind2=" ">
    <subfield code="a">CHP 303.6</subfield>
    <subfield code="b">G95s 1977</subfield>
  </datafield>
  <datafield tag="090" ind1=" " ind2=" ">
    <subfield code="a">CHP 303.6 G95s 1977</subfield>
  </datafield>
  <datafield tag="100" ind1=" " ind2=" ">
    <subfield code="a">G&#xFC;ng&#xF6;r, Turgut</subfield>
  </datafield>
  <datafield tag="245" ind1=" " ind2=" ">
    <subfield code="a">Se&#xE7;im 77 ve Ecevit'e sald&#x131;r&#x131;lar</subfield>
    <subfield code="c">Turgut G&#xFC;ng&#xF6;r</subfield>
  </datafield>
  <datafield tag="246" ind1=" " ind2=" ">
    <subfield code="a">Ecevit'e sald&#x131;r&#x131;lar</subfield>
  </datafield>
  <datafield tag="260" ind1=" " ind2=" ">
    <subfield code="a">&#x130;stanbul</subfield>
    <subfield code="b">Erdini Bas&#x131;m ve Yay&#x131;nevi</subfield>
    <subfield code="c">1977</subfield>
  </datafield>
  <datafield tag="300" ind1=" " ind2=" ">
    <subfield code="a">204 s.</subfield>
    <subfield code="c">18 sm.</subfield>
  </datafield>
  <datafield tag="600" ind1="1" ind2="4">
    <subfield code="9">1370</subfield>
    <subfield code="a">Ecevit, B&#xFC;lent</subfield>
    <subfield code="c">CHP Eski Genel Ba&#x15F;kan&#x131;</subfield>
    <subfield code="d">1925-2006</subfield>
    <subfield code="x">Siyasi ya&#x15F;am&#xF6;yk&#xFC;s&#xFC;</subfield>
  </datafield>
  <datafield tag="610" ind1=" " ind2=" ">
    <subfield code="a">CHP</subfield>
    <subfield code="x">&#x15E;iddet</subfield>
    <subfield code="y">1977</subfield>
  </datafield>
  <datafield tag="651" ind1=" " ind2=" ">
    <subfield code="a">T&#xFC;rkiye  </subfield>
    <subfield code="x">Devlet adamlar&#x131;</subfield>
    <subfield code="y">Ya&#x15F;am&#xF6;yk&#xFC;s&#xFC; </subfield>
  </datafield>
  <datafield tag="651" ind1=" " ind2=" ">
    <subfield code="a">T&#xFC;rkiye  </subfield>
    <subfield code="x">Siyaset ve y&#xF6;netim</subfield>
  </datafield>
  <datafield tag="942" ind1=" " ind2=" ">
    <subfield code="c">BKS</subfield>
  </datafield>
  <datafield tag="999" ind1=" " ind2=" ">
    <subfield code="d">7937</subfield>
  </datafield>
</record>
